Bapa kemerdekaan Tunku Abdul Rahman Putra Al-Haj

Bibliographic Details
Main Author: Nurul Iman Ramli
Format: Book
Published: Selangor : Pustaka Penamas , 2006
Series:Siri kegemilangan tokoh-tokoh negara
Subjects:

MARC

LEADER 00000cam a2200000 7i4500
001 0000005035
005 20151222.0
008 070801
020 |a 9839210688(set) 
020 |a 9839210696 
090 0 0 |a BIO   |b MAL 
100 0 |a Nurul Iman Ramli 
245 1 0 |a Bapa kemerdekaan Tunku Abdul Rahman Putra Al-Haj   |c Nurul Iman Ramli 
260 |a Selangor :   |b Pustaka Penamas ,   |c 2006 
440 |a Siri kegemilangan tokoh-tokoh negara 
500 |a Children ages 10-12 years old (pink) 
650 0 |a Biografi 
650 0 |a Junior fiction   |x Malay   |x Languages 
999 |a 0000915548   |b Book   |c Teenagers   |e Cawangan Bandar Tenggara 
999 |a 0000915549   |b Book   |c Teenagers   |e Cawangan Bandar Tenggara 
999 |a 0000915550   |b Book   |c Teenagers   |e Cawangan Bandar Tenggara 
999 |a 0000979158   |b Book   |c Children Collection   |e Cawangan Batu Pahat 
999 |a 0000979159   |b Book   |c Children Collection   |e Perbadanan Perpustakaan Awam Johor 
999 |a 0000979160   |b Book   |c Children Collection   |e Perbadanan Perpustakaan Awam Johor 
999 |a 0000979161   |b Book   |c Children Collection   |e Cawangan Sri Merlong 
999 |a 0000979162   |b Book   |c Children Collection   |e Cawangan Bandar Penawar 
999 |a 0000990926   |b Book   |c Teenagers   |e Cawangan Bandar Tenggara 
999 |a 0000990938   |b Book   |c Children Collection   |e Cawangan Tmn. Ungku Tun Aminah 
999 |a 0000990939   |b Book   |c Children Collection   |e Cawangan Segamat 
999 |a 0001016938   |b Book   |c Children Collection   |e Cawangan Tmn. Ungku Tun Aminah 
999 |a 0001016941   |b Book   |c Children Collection   |e Cawangan Taman Universiti 
999 |a 0001016942   |b Book   |c Children Collection   |e Cawangan Bandar Penawar